[Event "Floripa Chess Open 2024"]
[Site "Florianopolis"]
[Date "2024.01.22"]
[Round "3.82"]
[White "Vaz, Osvaldo Jose"]
[Black "De Oliveira, Yuri Garcia"]
[Result "0-1"]
[WhiteElo "1627"]
[BlackElo "1997"]
[PlyCount "70"]
[EventDate "2024.01.20"]
[EventRounds "10"]
[EventCountry "BRA"]

1. e4 c5 2. Nf3 d6 3. c3 Nf6 4. Be2 g6 5. Qc2 Bg7 6. O-O O-O ({RR} 6... Qc7 7.
Bb5+ Nbd7 8. Re1 O-O 9. Bf1 d5 10. d3 e5 11. exd5 Nxd5 12. Qb3 Ne7 13. Nbd2 Nc6
14. a4 Na5 15. Qa3 b6 16. b4 Nb7 17. d4 exd4 18. cxd4 Nd6 19. bxc5 bxc5 20.
dxc5 {1/2-1/2 (20) Grigoriants,S (2565)-Naiditsch,A (2693) Budva 2009}) ({RR} 
6... Qc7 7. d3 O-O 8. a4 e5 9. Bg5 h6 10. Bh4 g5 11. Bg3 Nh5 12. Na3 f5 13. Nd2
Qf7 14. exf5 Bxf5 15. Ne4 Nxg3 16. Nxg3 Nc6 17. Nxf5 Qxf5 18. Nc4 Rad8 19. Ne3
Qf7 20. Bf3 Kh8 21. Bd5 {Zadravec,M (2249)-Abdil,H (2117) Bosnjaci CRO 2022
1-0 (51)}) 7. h3 Nc6 8. d4 cxd4 $146 ({RR} 8... e5 9. dxc5 dxc5 10. Nbd2 Nh5
11. Nc4 Nf4 12. Rd1 Qe7 13. Ne3 Nd8 14. Nd5 Nxd5 15. exd5 Qd6 16. Be3 f5 17.
Nd2 b6 18. f3 Nf7 19. c4 Bh6 20. Bf2 a5 21. Rab1 Bd7 22. b3 Rae8 23. a3 {
Leon Oquendo,J (2108)-Cantillo,R (2131) Camaguey 2009 1-0 (39)}) 9. cxd4 e5 10.
dxe5 dxe5 11. Rd1 Qe7 12. Nc3 Be6 13. Be3 Rac8 14. Qa4 Rfd8 15. Rxd8+ Rxd8 16.
Rd1 Rxd1+ 17. Qxd1 Qb4 18. Qb1 Nd4 19. Bd1 Nd7 20. Bd2 Nb6 21. b3 Qd6 22. Be3
a6 23. Qc1 Bd7 24. Nh2 h5 25. Nf3 Bc6 26. Bh6 Bh8 27. Nh4 Nd7 28. Qe3 Nc5 29.
g4 hxg4 30. Bxg4 Nce6 31. Ng2 b5 32. h4 b4 33. Ne2 f5 34. exf5 gxf5 35. Bh3
Nf3+ 0-1

[Event "Floripa Chess Open 2024"]
[Site "Florianopolis"]
[Date "2024.01.22"]
[Round "3.83"]
[White "Andrade, Roberto Luiz Costa"]
[Black "Miranda, Catarina Oliveira"]
[Result "1-0"]
[WhiteElo "1962"]
[BlackElo "1620"]
[PlyCount "85"]
[EventDate "2024.01.20"]
[EventRounds "10"]
[EventCountry "BRA"]

1. e4 c5 2. Nf3 e6 3. d4 cxd4 4. Nxd4 a6 5. Nc3 Qc7 6. Be2 Bb4 7. Qd3 Nf6 8.
O-O Bxc3 ({RR} 8... d6 9. f4 Bxc3 10. bxc3 Nbd7 11. e5 dxe5 12. fxe5 Qxe5 13.
Ba3 Nd5 14. Rae1 Qe3+ 15. Qxe3 Nxe3 16. Nxe6 fxe6 17. Bh5+ g6 18. Rxe3 gxh5 19.
Rxe6+ Kd8 20. Be7+ Kc7 21. Bd6+ Kd8 22. Be7+ Kc7 {1/2-1/2 (22) Ermenkov,E 
(2495)-Kortschnoj,V (2695) Linares 1979}) 9. bxc3 d5 10. f3 ({RR} 10. exd5 Nxd5
11. Bf3 O-O 12. Bxd5 exd5 13. Ba3 Rd8 14. Rfe1 Nc6 15. Qg3 Qxg3 16. hxg3 Nxd4 {
1/2-1/2 (16) Burri,Q (2434)-Terrieux,K (2462) Brest FRA 2018}) 10... h6 $146 ({
RR} 10... O-O 11. Bg5 Nbd7 12. Qe3 dxe4 13. fxe4 b6 14. c4 Bb7 15. Bd3 Rac8 16.
Rae1 e5 17. Nf5 Rce8 18. Bxf6 {1-0 (18) Ruebsamen,D-Meister,V Dortmund 1987}) (
{RR} 10... O-O 11. Be3 Nbd7 12. Nb3 Rd8 13. Rad1 b6 14. exd5 Nxd5 15. Bg5 f6
16. Qe4 Nc5 17. Nxc5 Qxc5+ 18. Be3 Qe7 19. c4 Nxe3 20. Rxd8+ Qxd8 21. Rb1 Nd5
22. Rd1 f5 23. Qd3 Qc7 24. cxd5 Qc5+ 25. Kf1 {Kohn,T-Schwarz,E Mecklenburg VP
2002 1/2-1/2}) 11. Ba3 Nbd7 12. Kh1 Nc5 13. Qe3 dxe4 14. Nb5 axb5 15. Bxc5 Bd7
16. fxe4 Rc8 17. Bb4 Bc6 18. e5 Nd5 19. Qg3 Nxb4 20. Qxg7 Rf8 21. cxb4 Rd8 22.
Rad1 Rxd1 23. Rxd1 Qe7 24. Rd4 Qg5 25. Qxg5 hxg5 26. a4 bxa4 27. b5 Bd7 28.
Rxa4 Ke7 29. Ra7 Rc8 30. Bd3 Rc5 31. Rxb7 Rxe5 32. Kg1 Kd6 33. Kf2 f5 34. h3
Bc8 35. Rg7 f4 36. b6 Rc5 37. b7 Bxb7 38. Rxb7 Re5 39. Rb5 Rd5 40. Rxd5+ exd5
41. Kf3 Ke5 42. Kg4 Kf6 43. c3 1-0

[Event "Floripa Chess Open 2024"]
[Site "Florianopolis"]
[Date "2024.01.22"]
[Round "3.84"]
[White "Pereira, Armando Scharlau"]
[Black "Silva, Jeferson"]
[Result "0-1"]
[WhiteElo "1618"]
[BlackElo "1957"]
[PlyCount "64"]
[EventDate "2024.01.20"]
[EventRounds "10"]
[EventCountry "BRA"]

1. Nf3 Nf6 2. b3 d5 3. Bb2 c5 4. e3 g6 5. Bb5+ Bd7 6. Bxd7+ Nbxd7 7. O-O Bg7 8.
d3 Qc7 9. Nbd2 O-O 10. c4 Rfd8 $146 ({RR} 10... dxc4 11. dxc4 Rad8 12. Qc2 Rfe8
13. Rad1 Nb8 14. Ne5 Nc6 15. Ndf3 Qc8 16. h3 Nxe5 17. Nxe5 Qc7 18. Rfe1 Rxd1
19. Rxd1 Rd8 20. Rd2 Rxd2 21. Qxd2 e6 22. Qd3 Nh5 23. f4 Ng3 24. Bc3 Nf5 25. g4
{Bukwa,J (1905)-Nowacki,A (1940) Sielpa 2004 1/2-1/2 (35)}) ({RR} 10... e5 11.
e4 d4 12. Nh4 Nh5 13. g3 Qd8 14. Ng2 Bh6 15. Bc1 Ng7 16. f4 Qe7 17. Rb1 f5 18.
fxe5 Nxe5 19. Nf3 Nxf3+ 20. Qxf3 fxe4 21. Qxe4 Rxf1+ 22. Kxf1 Rf8+ 23. Ke2 Qf7
24. Qd5 Bxc1 25. Qxf7+ {Haakert,K (1624)-Siegmund,R (2059) Bad Bevensen 2011
0-1}) 11. Qc2 Rac8 12. Rac1 e5 13. Rfd1 d4 14. exd4 exd4 15. Re1 Re8 16. Nf1
Bh6 17. Rcd1 Ne5 18. Nxe5 Rxe5 19. Bc1 Bxc1 20. Rxe5 Qxe5 21. Qxc1 Re8 22. Rd2
h5 23. h3 h4 24. Qd1 b6 25. Qf3 Kg7 26. g3 Nh5 27. Qg4 Nf6 28. Qf3 Re6 29. Qg2
Nh5 30. f4 Qe1 31. Qf2 Nxg3 32. Kg2 Nxf1 0-1

[Event "Floripa Chess Open 2024"]
[Site "Florianopolis"]
[Date "2024.01.22"]
[Round "3.85"]
[White "Benitez, Andres"]
[Black "Morioka, Felipe Yukio"]
[Result "1-0"]
[WhiteElo "1956"]
[BlackElo "1612"]
[PlyCount "123"]
[EventDate "2024.01.20"]
[EventRounds "10"]
[EventCountry "BRA"]

1. e4 c5 2. Nf3 d6 3. d4 cxd4 4. Nxd4 Nf6 5. Nc3 a6 6. Be2 e5 7. Nb3 Be7 8. Be3
Be6 9. Nd5 Nbd7 10. Qd3 O-O 11. O-O Bxd5 12. exd5 Qc8 $146 ({RR} 12... Ne8 13.
Bg4 Ndf6 14. Bf3 g6 15. a4 Ng7 16. a5 Nd7 17. c4 f5 18. Be2 Rc8 19. Rfd1 Bf6
20. Rac1 Re8 21. Qd2 f4 22. Ba7 Ra8 23. Bb6 Nxb6 24. axb6 e4 25. c5 f3 26. Bf1
Bg5 27. Qc3 {Szalanczy,E (2370)-Loginov,V (2540) Kecskemet 1992 0-1 (40)}) ({RR
} 12... Rc8 13. c4 a5 14. Kh1 Re8 15. Rad1 Bf8 16. Nd2 g6 17. b3 Bg7 18. a3 h5
19. f3 b6 20. b4 axb4 21. axb4 e4 22. fxe4 Ne5 23. Qb3 Neg4 24. Bg5 Qd7 25. Qb1
Ra8 26. h3 Nh7 27. Bf4 {Short,N (2645)-Cheparinov,I (2713) Wijk aan Zee 2008
1-0 (72)}) ({RR} 12... Ne8 13. Bg4 Nef6 14. Bh3 Re8 15. a4 a5 16. Nd2 Nc5 17.
Qc4 Nfd7 18. Qb5 Qc7 19. c3 Nf6 20. Qc4 Na6 21. Rfd1 Qb8 22. b4 Nc7 23. Nb3
axb4 24. cxb4 Rxa4 25. Rxa4 b5 26. Ba7 Qb7 27. Qc6 {Hamitevici,V (2506)
-Palliser,R (2456) England 2014 1/2-1/2 (59)}) ({RR} 12... Ne8 13. a4 a5 14.
Bg4 Nc5 15. Nxc5 dxc5 16. Rfe1 Bd6 17. Bd2 Qc7 18. Bh3 g6 19. Bh6 Ng7 20. g4 f6
21. Kh1 Rf7 22. Re2 Ne8 23. Bd2 c4 24. Qe3 Bc5 25. Qg3 Qd7 26. Bg2 Nd6 27. f4 {
Klovans,J (2415)-Loginov,V (2505) Oberwart 1993 0-1 (41)}) ({RR} 12... Rc8 13.
c4 a5 14. Rac1 a4 15. Nd2 Nc5 16. Qa3 Nfd7 17. b4 axb3 18. axb3 Ra8 19. Qb2 f5
20. Ra1 Bf6 21. Rxa8 Qxa8 22. Qc2 e4 23. b4 Qa4 24. Qb1 Na6 25. c5 Nxb4 26.
cxd6 Ne5 27. d7 {Yemelin,V (2345)-Vaulin,A (2500) St Petersburg 1993 1-0 (31)})
13. c4 Bd8 14. a4 Bb6 15. Bxb6 Nxb6 16. a5 Nbd7 17. Nd2 Qc5 18. Qc3 Rfe8 19.
Nb3 Qc7 20. Rac1 Rac8 21. Rfd1 Ne4 22. Qc2 Ndc5 23. Nxc5 Nxc5 24. b4 Nd7 25.
Qb1 b6 26. axb6 Qxb6 27. Bg4 Rc7 28. Bxd7 Rxd7 29. c5 Qb5 30. c6 Rc7 31. Qd3
Rb8 32. Qxb5 Rxb5 33. Ra1 Rb6 34. Ra4 Kf8 35. Kf1 Ke7 36. Ke2 f5 37. Kd3 Kd8
38. Kc3 Ra7 39. Rda1 Kc7 40. Ra5 Kb8 41. R1a3 g6 42. h4 Ka8 43. Kc4 Kb8 44. Rg3
Kc8 45. h5 f4 46. Rg5 Rg7 47. Ra3 Kc7 48. Rh3 Rb8 49. hxg6 hxg6 50. Rh6 Rbg8
51. g3 fxg3 52. Rxg3 Rf8 53. Rhxg6 Rxg6 54. Rxg6 Rxf2 55. Rg7+ Kc8 56. Rd7 Rf6
57. Kb3 e4 58. Re7 Rf5 59. Kc4 Re5 60. Rxe5 dxe5 61. d6 Kd8 62. Kc3 1-0

[Event "Floripa Chess Open 2024"]
[Site "Florianopolis"]
[Date "2024.01.22"]
[Round "3.86"]
[White "De Oliveira, Matheus Tavares"]
[Black "Oliveira, Tiago Batista"]
[Result "0-1"]
[WhiteElo "1612"]
[BlackElo "1953"]
[PlyCount "116"]
[EventDate "2024.01.20"]
[EventRounds "10"]
[EventCountry "BRA"]

1. d4 Nf6 2. c4 g6 3. Nc3 d5 4. cxd5 Nxd5 5. e4 Nxc3 6. bxc3 Bg7 7. Bc4 c5 8.
Ne2 Nc6 9. Be3 O-O 10. O-O Bg4 11. f3 Na5 12. Bd3 cxd4 13. cxd4 Be6 14. d5 Bxa1
15. Qxa1 f6 16. h4 a6 $146 ({RR} 16... Bf7 17. h5 g5 18. h6 Nc6 19. Bb1 Ne5 20.
Kh1 Qd6 21. Nd4 Bg6 22. a4 Nc4 23. Nb5 Qg3 24. Bf2 Qf4 25. Ba2 Nd2 26. d6+ Kh8
27. dxe7 Nxf3 28. exf8=Q+ Rxf8 29. Bg3 Qxg3 30. Rxf3 {1-0 (30) Amir,K (2265)
-Al Ashhab,S Asia 1989}) ({RR} 16... Rc8 17. Bxa7 Nc6 18. dxc6 Qxd3 19. cxb7
Qxe2 20. bxc8=Q Rxc8 21. a4 Qd2 22. Rd1 Qa5 23. Be3 Kf7 24. e5 fxe5 25. Bg5 Rc4
26. Re1 Rxa4 27. Qxe5 Qxe5 28. Rxe5 h6 29. Bxh6 Rxh4 30. Bg5 Rd4 31. Kf2 {
Korobov,A (2687)-Deac,B (2603) Moscow RUS 2019 1/2-1/2 (32)}) ({RR} 16... Rc8
17. h5 Bf7 18. Qd4 a6 19. a4 Qd6 20. Rb1 Qa3 21. hxg6 hxg6 22. Bc1 Qa2 23. Qb4
Nc4 24. Nc3 a5 25. Qxe7 Qxb1 26. Bxb1 Ne5 27. Bh6 {1-0 (27) Rodshtein,M (2599)
-Fidalgo,A (2263) chess.com INT 2021}) ({RR} 16... Rc8 17. h5 Bf7 18. hxg6 hxg6
19. Rd1 Nc4 20. Bd4 Qd6 21. f4 Be8 22. Rc1 b5 23. Bb1 Bd7 24. Rc3 Bg4 25. Rg3
Bxe2 26. e5 Qxd5 27. Bxg6 Kh8 28. exf6 e5 29. fxe5 Nd2 30. Rh3+ Kg8 31. e6 {
Fritsch,G-Perlitz,S Germany 1993 0-1 (33)}) ({RR} 16... Bf7 17. f4 Rc8 18. Bxa7
Nc4 19. Bd4 g5 20. h5 Qa5 21. h6 Qa6 22. Rd1 Na3 23. Rd2 Qa4 24. Bf2 Be8 25.
Nd4 Bd7 26. Qe1 Nc4 27. Rc2 Qa3 28. Qe2 Qd6 29. a4 Na3 30. Rxc8 Rxc8 31. e5 {
Korobov,A (2530)-Zpevak,P (2423) Pardubice 2007 1-0 (41)}) 17. Nf4 Bf7 18. Qe1
b5 19. h5 Nc4 20. hxg6 hxg6 21. Bxc4 bxc4 22. Qh4 g5 23. Qg4 Kg7 24. Ne6+ Bxe6
25. dxe6 Qe8 26. e5 Rh8 27. exf6+ exf6 28. Qxc4 Rh4 29. Qd5 Rd8 30. Qb7+ Kg6
31. Qxa6 Qh8 32. Kf2 Rh2 33. Rg1 Qh4+ 34. Ke2 Qb4 35. Kf2 Qb2+ 36. Qe2 Qxe2+
37. Kxe2 Re8 38. a4 Rxe6 39. Kf2 Rh4 40. a5 Ra4 41. Bb6 Ra2+ 42. Kg3 Ree2 43.
Kh3 f5 44. f4 g4+ 45. Kh4 Rxg2 46. Rxg2 Rxg2 47. a6 Rh2+ 48. Kg3 Rh3+ 49. Kg2
Ra3 50. a7 Kf7 51. Kf2 Ke6 52. Bc5 Ra2+ 53. Ke3 Kd5 54. Bb6 Ra3+ 55. Kf2 Ke4
56. Bc5 Ra2+ 57. Kg3 Ra1 58. Bd6 Rxa7 0-1

[Event "Floripa Chess Open 2024"]
[Site "Florianopolis"]
[Date "2024.01.22"]
[Round "3.87"]
[White "Hataby, Raed"]
[Black "Moreira, Everaldo Bonifacio"]
[Result "1-0"]
[WhiteElo "1888"]
[BlackElo "1541"]
[PlyCount "65"]
[EventDate "2024.01.20"]
[EventRounds "10"]
[EventCountry "BRA"]

1. e4 c5 2. Nf3 Nc6 3. g3 d6 4. Bg2 Nf6 5. d3 g6 6. Nbd2 Bg7 7. O-O O-O 8. Re1
e5 9. a4 Nh5 ({RR} 9... h6 10. Nc4 Be6 11. c3 Qc7 12. Nfd2 Rad8 13. Ne3 Rfe8
14. Nd5 Bxd5 15. exd5 Ne7 16. Qb3 Nd7 17. a5 f5 18. Nc4 Kh7 19. a6 b6 20. Na3
Nf6 21. Nb5 Qb8 22. f4 e4 23. c4 Neg8 24. Bd2 {Chigaev,M (2644)-Ibarra Jerez,J
(2538) chess24.com INT 2019 1-0 (52)}) ({RR} 9... Bg4 10. c3 Qd7 11. Nc4 Rfe8
12. Ne3 Bh3 13. a5 h6 14. Qa4 Rab8 15. Bd2 Bxg2 16. Kxg2 d5 17. Rad1 d4 18. Nc4
Nh5 19. h3 f5 20. cxd4 exd4 21. Qb5 fxe4 22. dxe4 Bf8 23. Bc1 Nf6 24. Bf4 {
Pranav,V (2486)-Agibileg,U (2440) chess.com INT 2021 0-1 (80)}) 10. Nc4 $146 ({
RR} 10. c3 Kh8 11. Nc4 Be6 12. Ng5 h6 13. Nxe6 fxe6 14. Ne3 Qe7 15. Bh3 Kh7 16.
Rb1 Qf7 17. Qe2 g5 18. Nc4 Rad8 19. f3 Qg6 20. Ne3 Rf7 21. Bg2 Nf6 22. Nc2 Rdf8
23. Be3 g4 24. f4 exf4 {Surewaard,W-Munnik,M Haarlem 1995 1-0 (54)}) ({RR} 10.
h3 Bh6 11. Nc4 Bxc1 12. Rxc1 a6 13. c3 b5 14. Ne3 Be6 15. d4 exd4 16. cxd4 Nb4
17. Qd2 bxa4 18. Ng4 f6 19. Nh6+ Kh8 20. g4 Ng7 21. d5 Bd7 22. g5 Ra7 23. Rc3
Nh5 24. gxf6 Qxf6 {Seger,J-Otterstaetter,S (2178) Germany 2003 1/2-1/2 (36)}) (
{RR} 10. c3 f5 11. Nf1 f4 12. h4 fxg3 13. fxg3 Bg4 14. Qb3+ Kh8 15. Ng5 Qf6 16.
Be3 Rab8 17. Nh2 Bd7 18. Rf1 Qe7 19. Nf7+ Kg8 20. Nh6+ Kh8 21. Nf7+ {1/2-1/2 
(21) Trueman,F (1498)-Pottinger,C (1806) Winnipeg 2009}) 10... f5 11. exf5 Bxf5
12. Ng5 Nf6 13. Ne3 Bd7 14. Nd5 Kh8 15. Nxf6 Qxf6 16. f4 Rab8 17. c3 h6 18. Ne4
Qe7 19. Be3 b6 20. Qe2 Rbe8 21. c4 Nd4 22. Bxd4 exd4 23. Qc2 Bf5 24. Nxc5 Qc7
25. Ne4 Re7 26. a5 Rb8 27. b4 Kh7 28. axb6 axb6 29. Rec1 Bc8 30. b5 Bb7 31. Ra7
Ra8 32. Rxb7 Qxb7 33. Ng5+ 1-0

[Event "Floripa Chess Open 2024"]
[Site "Florianopolis"]
[Date "2024.01.22"]
[Round "3.88"]
[White "Bassani, Jaison Jose"]
[Black "Cunha, Angelo"]
[Result "1-0"]
[WhiteElo "1949"]
[BlackElo "1598"]
[PlyCount "61"]
[EventDate "2024.01.20"]
[EventRounds "10"]
[EventCountry "BRA"]

1. e4 c5 2. Nc3 Nc6 3. g3 g6 4. Bg2 Bg7 5. d3 d6 6. Be3 e6 7. Qd2 Rb8 8. Nge2
b5 9. d4 b4 10. Nd1 c4 11. d5 exd5 12. exd5 Ne5 13. Bxa7 Rb7 $146 ({RR} 13...
Bh3 14. Kf1 Bxg2+ 15. Kxg2 Rb5 16. Qd4 Ne7 17. Ne3 O-O 18. a4 Rb7 19. Nxc4 Nxc4
20. Qxc4 Rxa7 21. Qb3 Qa5 22. Rhd1 Nf5 23. g4 Ne7 24. Nd4 Qc5 25. Nb5 Raa8 26.
Rd2 f5 27. g5 f4 28. Re1 {Shvets,S-Tarlev,K Ukraine 2000 1-0 (36)}) 14. Bd4 Nf6
15. O-O O-O 16. Ne3 Nfd7 17. f4 f5 18. fxe5 dxe5 19. Nxc4 exd4 20. Nxd4 Qc7 21.
Nc6 Nf6 22. d6 Qd7 23. Ne7+ Kh8 24. Ne5 Qb5 25. Nxc8 Rxc8 26. Bxb7 Qxb7 27. d7
Nxd7 28. Qxd7 Qxd7 29. Nxd7 Bxb2 30. Rad1 Rxc2 31. Rf2 1-0

[Event "Floripa Chess Open 2024"]
[Site "Florianopolis"]
[Date "2024.01.22"]
[Round "3.89"]
[White "Franzen, Mark Scheer"]
[Black "Lutz, Igor Oscar"]
[Result "0-1"]
[WhiteElo "1596"]
[BlackElo "1947"]
[PlyCount "62"]
[EventDate "2024.01.20"]
[EventRounds "10"]
[EventCountry "BRA"]

1. e4 e6 2. Nf3 Nf6 3. e5 Nd5 4. d4 d6 5. Bd3 ({RR} 5. c3 Be7 6. Bd3 dxe5 7.
Nxe5 Nd7 8. Nf3 c5 9. O-O cxd4 10. cxd4 N7f6 11. Nc3 Nxc3 12. bxc3 O-O 13. Ne5
Qc7 14. Qf3 Bd7 15. Bg5 Bc6 16. Nxc6 Qxc6 17. Qxc6 bxc6 18. Rab1 Rab8 19. c4 h6
{Skripchenko,A (2456)-Krasenkova,I (2140) Moscow 2010 1-0 (69)}) ({RR} 5. Be2
Be7 6. O-O O-O 7. c4 Nb6 8. Nc3 c6 9. exd6 Bf6 10. Ne4 N8d7 11. Bf4 Re8 12. Qd2
g6 13. Nxf6+ Qxf6 14. Bg5 Qh8 15. Be7 f6 16. Rfe1 Kg7 17. Bd3 Qg8 18. Re4 Qf7
19. Rae1 Nf8 {Khudyakov,S (2106)-Paldyaev,V (1756) Moscow RUS 2019 1-0 (34)})
5... c5 $146 ({RR} 5... Nc6 6. a3 f6 7. O-O fxe5 8. dxe5 dxe5 9. b4 a6 10. Bb2
Bd6 11. Nbd2 b5 12. c4 Nf4 13. Be4 Bb7 14. c5 Be7 15. Nxe5 Bf6 16. Nxc6 Qd7 17.
Ne5 Bxe5 18. Bxe5 Nd5 19. Qh5+ g6 20. Bxg6+ {Gonzalez Lopez,J-Hernandez Moreno,
S Valladolid 1988 1-0}) ({RR} 5... dxe5 6. Nxe5 Nd7 7. Nf3 Be7 8. c3 O-O 9. O-O
a6 10. Qc2 N7f6 11. Nbd2 c5 12. dxc5 Bxc5 13. Ne4 Nxe4 14. Bxe4 Nf6 15. Bg5 h6
16. Rad1 Qe7 17. Bh4 g5 18. Bg3 Nxe4 19. Qxe4 f5 20. Qc2 {Kaland,J-Bohn,C 
(1918) Pinneberg 2004 0-1}) ({RR} 5... Nd7 6. O-O dxe5 7. dxe5 Be7 8. Be4 c6 9.
c4 Nc7 10. Qc2 f5 11. exf6 Nxf6 12. Nc3 O-O 13. Be3 Nxe4 14. Nxe4 Ne8 15. Rad1
Qc7 16. Rfe1 Bb4 17. Neg5 Rf5 18. Bd2 Bxd2 19. Rxd2 Qe7 20. Qxf5 {Navarro
Rodriguez,J (1664)-Hidalgo Prado,D (1455) San Sebastian 2013 1-0}) 6. c4 Nb4 7.
d5 exd5 8. cxd5 dxe5 9. Nxe5 Qxd5 10. Bb5+ Bd7 11. Qxd5 Nxd5 12. Nxd7 Nxd7 13.
O-O O-O-O 14. Na3 Be7 15. Bd2 Bf6 16. Nc4 Ne5 17. Rab1 Nxc4 18. Bxc4 Nb6 19.
Bxf7 Rxd2 20. Rbc1 Bd4 21. b4 Nd7 22. bxc5 Nxc5 23. Bh5 Rf8 24. Bf3 Kb8 25. a3
Nd3 26. Rcd1 Bxf2+ 27. Rxf2 Rxd1+ 28. Bxd1 Nxf2 29. Bf3 Nd3 30. Be4 Ne5 31.
Bxh7 g6 0-1

[Event "Floripa Chess Open 2024"]
[Site "Florianopolis"]
[Date "2024.01.22"]
[Round "3.90"]
[White "Nascimento, Pedro Henrique Alve"]
[Black "Lahoz, Cassiano"]
[Result "1-0"]
[WhiteElo "1946"]
[BlackElo "1592"]
[PlyCount "73"]
[EventDate "2024.01.20"]
[EventRounds "10"]
[EventCountry "BRA"]

1. d4 d5 2. c4 c6 3. Nf3 Nf6 4. Nc3 dxc4 5. a4 Bf5 6. e3 e6 7. Bxc4 Be7 8. O-O
h6 9. Qe2 O-O 10. e4 Bh7 11. Bf4 Nbd7 12. Rfd1 Re8 13. h3 $146 ({RR} 13. Rd2
Bb4 14. Bd3 Qa5 15. Rdd1 e5 16. Nxe5 Nxe5 17. dxe5 Nd7 18. e6 Rxe6 19. Bc4 Re7
20. Bxh6 Bxc3 21. bxc3 Nf6 22. Be3 Nxe4 23. Qg4 Nf6 24. Qg5 Re5 25. Qg3 Nh5 26.
Qf3 Rf5 27. Qe2 Re8 {Lewandowski,K (2137)-Dybowski,R (1983) Poland 2006 1/2-1/
2 (32)}) 13... Bb4 14. e5 Nd5 15. Nxd5 cxd5 16. Bd3 Be7 17. Nh2 Bxd3 18. Rxd3
Nf8 19. Rc1 Rc8 20. Rxc8 Qxc8 21. Rc3 Qd7 22. Qc2 Bd8 23. b4 Ng6 24. Be3 Qe7
25. Qb3 a5 26. b5 Bb6 27. Nf3 Qf8 28. Qc2 Rd8 29. Bc1 Qe8 30. Ba3 Ne7 31. Bc5
Nc8 32. Nd2 Qd7 33. Nb3 Bxc5 34. Nxc5 Qe7 35. Nb3 Nb6 36. Nxa5 Nxa4 37. Qxa4
1-0

[Event "Floripa Chess Open 2024"]
[Site "Florianopolis"]
[Date "2024.01.22"]
[Round "3.91"]
[White "Carvalho Jr, Celestino"]
[Black "Orlandi Neto, Aristides"]
[Result "1-0"]
[WhiteElo "1939"]
[BlackElo "1592"]
[PlyCount "87"]
[EventDate "2024.01.20"]
[EventRounds "10"]
[EventCountry "BRA"]

1. e4 e5 2. Bc4 Nf6 3. d4 Nxe4 4. dxe5 Qh4 5. g3 ({RR} 5. Qf3 f6 6. Bd5 Nc5 7.
Bf4 fxe5 8. Bxe5 Qe7 9. Qh5+ Kd8 10. Nc3 Nc6 11. Bxc6 bxc6 12. O-O-O d6 13.
Bxd6 {1-0 (13) Iakymov,V (2434)-Ivanov,A (2320) Alushta 2008}) ({RR} 5. Qf3 Ng5
6. Qb3 Bc5 7. Be3 Bxe3 8. Qxe3 Qxc4 9. Qxg5 O-O 10. Nc3 b5 11. Qd2 Bb7 12. b3
Qe6 13. f4 b4 14. Nb5 Qc6 15. Qxb4 Qxc2 16. Ne2 Bxg2 17. Rc1 Nc6 18. Qxf8+ Rxf8
19. Rxc2 Bxh1 {Nascimento,C (1836)-Fernandes,A (2072) Lisbon POR 2019 0-1})
5... Nxg3 6. Bxf7+ Kxf7 7. Qf3+ $146 ({RR} 7. fxg3 Qe4+ 8. Kf2 Bc5+ 9. Kf1 Qxh1
10. e6+ Kf8 11. e7+ Bxe7 12. Qf3+ Qxf3+ 13. Nxf3 d5 14. Nc3 Bh3+ 15. Ke2 c6 16.
Bf4 Nd7 17. Ng5 Bxg5 18. Bxg5 Re8+ 19. Kd2 h6 20. Bf4 g5 21. Bd6+ Kg7 {Panin,
M-Shvetzov,M (1806) Zhukovsky 2009 0-1 (56)}) ({RR} 7. Qd5+ Ke8 8. hxg3 Qg4 9.
Nc3 d6 10. exd6 Bxd6 11. Rh4 Qg6 12. Re4+ Kf8 13. Bf4 Bd7 14. Qxb7 Bc6 15.
Bxd6+ Qxd6 16. Qc8+ Kf7 17. Qxh8 Bxe4 18. Nxe4 Qb4+ 19. Nd2 Qxb2 20. Rb1 {
1-0 (20) Fawzy,A (2119)-Nguyen,N (1872) Durban 2014}) 7... Ke8 8. hxg3 Qc4 9.
Nc3 Bb4 10. Nge2 Qc6 11. Qh5+ g6 12. Qh4 Be7 13. Qh6 Bf8 14. Qh3 Na6 15. Bf4 d6
16. Qh2 Bg4 17. O-O-O Rd8 18. Nd4 Qc4 19. f3 c5 20. fxg4 cxd4 21. Qe2 d5 22.
Qxc4 dxc4 23. Ne4 Be7 24. Nd6+ Bxd6 25. exd6 d3 26. cxd3 cxd3 27. Rhe1+ Kd7 28.
Re7+ Kc6 29. Rxd3 Rhe8 30. Rc3+ Kd5 31. Rxb7 Nc5 32. Rb5 Re1+ 33. Kd2 Rg1 34.
Rbxc5+ Ke6 35. Re3+ Kf7 36. Re7+ Kg8 37. d7 Rg2+ 38. Kc3 Kf8 39. Re8+ Rxe8 40.
Rc8 Rge2 41. Rxe8+ Rxe8 42. dxe8=Q+ Kxe8 43. Kb4 Kd8 44. Be3 1-0

[Event "Floripa Chess Open 2024"]
[Site "Florianopolis"]
[Date "2024.01.22"]
[Round "3.92"]
[White "Silva, Adriano Da"]
[Black "Silva, Henrique Brasil Bar"]
[Result "1/2-1/2"]
[WhiteElo "1926"]
[BlackElo "1590"]
[PlyCount "42"]
[EventDate "2024.01.20"]
[EventRounds "10"]
[EventCountry "BRA"]

1. Nf3 Nf6 2. d4 d5 3. c4 c6 4. Nc3 a6 5. a4 Bf5 6. cxd5 cxd5 7. Qb3 Ra7 8. Bg5
e6 9. e3 $146 ({RR} 9. Nh4 Bg6 10. Nxg6 hxg6 11. e3 Bd6 12. Be2 Nc6 13. h3 Na5
14. Qa2 Ra8 15. O-O O-O 16. Rad1 Qb6 17. Bxf6 gxf6 18. e4 dxe4 19. Nxe4 Be7 20.
d5 exd5 21. Nc3 Kg7 22. Nxd5 Qe6 23. Rfe1 Bd8 {Behm,S (2243)-Lehmann,E (2082)
Ditzingen 2006 1-0 (31)}) 9... Nc6 10. Ne5 Na5 11. Qd1 Qb6 12. Bxf6 gxf6 13.
Nd3 Bxd3 14. Qxd3 Qxb2 15. Ra2 Qb3 16. Be2 Bb4 17. Rc2 Qxa4 18. O-O Bxc3 19.
Qxc3 Nc4 20. e4 Qc6 21. exd5 exd5 1/2-1/2

[Event "Floripa Chess Open 2024"]
[Site "Florianopolis"]
[Date "2024.01.22"]
[Round "3.93"]
[White "Flesch, Lucas Henrique Ye"]
[Black "Marcolino, Antonio Claudio H."]
[Result "0-1"]
[WhiteElo "1571"]
[BlackElo "1925"]
[PlyCount "148"]
[EventDate "2024.01.20"]
[EventRounds "10"]
[EventCountry "BRA"]

1. e4 c6 2. d4 d5 3. Nc3 dxe4 4. Nxe4 Nf6 5. Nxf6+ exf6 6. c3 Bd6 7. Bd3 O-O 8.
Ne2 Qc7 9. h3 Re8 10. Be3 Nd7 11. O-O Nf8 12. Qd2 Ng6 13. Rfe1 Bd7 $146 ({RR} 
13... Nh4 14. Nf4 b6 15. c4 g6 16. c5 bxc5 17. dxc5 Be5 18. Bd4 Bd7 19. Bxe5
fxe5 20. Ne2 Bxh3 21. Qh6 Nxg2 22. Qxh3 Nxe1 23. Rxe1 Rad8 24. Nc3 Qd7 25. Qxd7
Rxd7 26. Be4 Rc7 27. Rd1 f5 28. Bc2 {Vaibhav,A (1957)-Markovic,M (2474) Backi
Petrovac 2016 1/2-1/2 (40)}) 14. c4 Rad8 15. Rad1 Qc8 16. Nf4 Bf5 17. Nxg6 hxg6
18. Bxf5 Qxf5 19. Qd3 Qh5 20. Qe2 Qf5 21. Qd3 Qa5 22. a3 Qc7 23. Bd2 Rxe1+ 24.
Rxe1 Qd7 25. Qe4 g5 26. Qg4 Qc7 27. h4 gxh4 28. Qxh4 Qd7 29. Re3 Qf5 30. Qe4
Qxe4 31. Rxe4 f5 32. Re2 f6 33. Bc3 Kf7 34. Rd2 Re8 35. Kf1 Re4 36. Re2 b5 37.
cxb5 cxb5 38. f3 Rxe2 39. Kxe2 Ke6 40. Kd3 Kd5 41. Ba5 Be7 42. f4 g6 43. g3 g5
44. Bd2 Bd8 45. Bc1 Bb6 46. fxg5 fxg5 47. Bxg5 Bxd4 48. b3 Bb2 49. a4 a6 50.
axb5 axb5 51. Bd8 Be5 52. Bh4 Bd6 53. Ke3 Kc5 54. Kf3 Kb4 55. g4 fxg4+ 56. Kxg4
Kxb3 57. Kf3 Kc2 58. Be1 Kd3 59. Ba5 Be5 60. Bb4 Kc4 61. Bf8 Bd4 62. Ke2 Bc5
63. Bg7 b4 64. Kd2 Kb3 65. Kd3 Ka2 66. Kc4 Be7 67. Kb5 b3 68. Ka4 Bg5 69. Bh8
Bc1 70. Bf6 Bb2 71. Bg5 Bc3 72. Bc1 Bd2 73. Kb5 Bxc1 74. Kb4 b2 0-1